40 stars françaises par leur prénom - Statistiques

Statistiques générales
  • Ce quiz a été pris 791 fois
  • Le résultat moyen est 22 sur 40
Statistiques - réponses
Prénom Nom % Correct
Zinédine Zidane
99%
Edith Piaf
95%
Napoléon Bonaparte
91%
Kendji Girac
91%
Kev Adams
90%
Omar Sy
89%
Amel Bent
87%
Johnny Hallyday
87%
N'Golo Kanté
87%
Jamel Debbouze
85%
Kad Merad
84%
Gad Elmaleh
80%
Ségolène Royal
80%
Teddy Riner
78%
Coco Chanel
77%
Gustave Eiffel
65%
Honoré de Balzac
64%
Jo-Wilfried Tsonga
61%
Bixente Lizarazu
55%
George (femme) Sand
55%
Romy Schneider
48%
Nelson Monfort
47%
Tino Rossi
47%
Lino Ventura
45%
Manuel Valls
41%
Auguste Renoir
39%
Bernard-Henri Lévy
37%
Kery James
35%
Jacques-Yves Cousteau
27%
Louis-Ferdinand Céline
26%
Marie-George Buffet
24%
Ruth Elkrief
23%
Arlette Laguiller
23%
Marisol Touraine
23%
Louison Bobet
21%
Sadi Carnot
21%
Najat Vallaud-Belkacem
20%
Jean-Vincent Placé
12%
François-René de Chateaubriand
10%
Claude-Adrien Helvétius
2%
Aucun quiz correspondant
Distribution des résultats
% des personnes avec chaque résultat
Percentile par nombre de réponses
Votre historique - résultats
Vous n’avez pas pris ce quiz